Countries With The Smallest Share of Elderly People in 2100 - Statistics

General Stats
  • This quiz has been taken 5 times
  • The average score is 19 of 20
Answer Stats
Share of Population that will be Elderly (2100 projection) Country % Correct
12.07% Angola
100%
13.23% Burundi
100%
11.89% Cameroon
100%
11.43% Central African Republic
100%
9.64% Chad
100%
10.86% Cote d'Ivoire
100%
10.62% Democratic Republic of the Congo
100%
11.03% Mali
100%
13.43% Mozambique
100%
9.76% Niger
100%
12.31% Nigeria
100%
11.99% Republic of the Congo
100%
10.75% Somalia
100%
13.11% South Sudan
100%
13.28% Sudan
100%
12.66% Zambia
100%
11.3% Benin
80%
13.07% Burkina Faso
80%
13.44% Lesotho
80%
11.77% Togo
80%
No matching quizzes found
Score Distribution
Percent of People with Each Score
Percentile by Number Answered
Your Score History
You have not taken this quiz